000 00694nam a22002537a 4500
003 UA-OsUOA
001 27690
007 ta
008 20040910b un ||||| |||| 00| 0 ukr d
100 _aВолков Л. В.
090 _a796.0152
_bВ-67
942 _cBK
040 _aUA-OsUOA
_brus
_cUA-OsUOA
_dUA-OsUOA
245 _aФизическое воспитания учащихся
_bУчебно-методическое пособие
300 _a184 с.
_bІлюстрації
955 _a0
041 _arus
080 _a796.0152
020 _a5-330-00318-0
260 _aКиев
_bРадянська школа
_c1988
044 _aRU
650 7 _2UDC
999 _c314040
_d314040